La mirada quieta : (Record no. 151490)

MARC details
000 -LEADER
campo de control de longitud fija 01115nam a2200277 i 4500
001 - NÚMERO DE CONTROL
campo de control 151490
003 - IDENTIFICADOR DE NÚMERO DE CONTROL
campo de control ES-MaACL
005 - FECHA Y HORA DE LA ÚLTIMA TRANSACCIÓN
campo de control 20250418063159.0
008 - DATOS DE LONGITUD FIJA--INFORMACIÓN GENERAL
campo de control de longitud fija 220627s2022 sp 001 0 spa
020 ## - NÚMERO INTERNACIONAL ESTÁNDAR DEL LIBRO
Número Internacional Estándar del Libro 978-84-204-6255-4
080 ## - NÚMERO DE LA CLASIFICACIÓN DECIMAL UNIVERSAL
Número de la Clasificación Decimal Universal 821.134.2 Pérez Galdós, Benito 1.07
100 1# - ENTRADA PRINCIPAL--NOMBRE DE PERSONA
Nombre de persona Vargas Llosa, Mario,
Fechas asociadas al nombre 1936-2025
9 (RLIN) 240060
245 13 - MENCIÓN DEL TÍTULO
Título La mirada quieta :
Resto del título (de Pérez Galdós) /
Mención de responsabilidad, etc. Mario Vargas Llosa.
250 ## - MENCION DE EDICION
Mención de edición 1ª ed.
260 ## - PUBLICACIÓN, DISTRIBUCIÓN, ETC.
Lugar de publicación, distribución, etc. [Barcelona] :
Nombre del editor, distribuidor, etc. Alfaguara,
Fecha de publicación, distribución, etc. 2022.
300 ## - DESCRIPCIÓN FÍSICA
Extensión 349 p. ;
Dimensiones 24 cm.
490 1# - MENCIÓN DE SERIE
Mención de serie Narrativa hispánica
505 8# - NOTA DE CONTENIDO CON FORMATO
Nota de contenido con formato Contiene: Las novelas ; El teatro ; Los Episodios nacionales ; Pérez Galdós en la literatura de España
600 14 - PUNTO DE ACCESO ADICIONAL DE MATERIA--NOMBRE DE PERSONA
Nombre de persona Pérez Galdós, Benito,
Fechas asociadas al nombre 1843-1920-
Subdivisión general Crítica e interpretación
9 (RLIN) 90875
830 1# - PUNTO DE ACCESO ADICIONAL DE SERIE-TÍTULO UNIFORME
Título uniforme Narrativa hispánica
9 (RLIN) 221234
852 4# - LOCALIZACIÓN
Ubicación ES-MaACL
Número de control de estantería A-14961
itemnumber 156952
Sublocalización o colección R.153315
Ubicación en estantería Depósito 1
Signatura antigua Olim: N-7961
Anotaciones manuscritas Dedicatoria autógrafa del autor
Donativo/Legado Donación: Mario Vargas Llosa
903 ## - NOMBRE PERSONAL DE DONANTE
a Vargas Llosa, Mario,
d 1936-2025
e Donante
9 240060
942 ## - ELEMENTOS DE ENTRADA SECUNDARIOS (KOHA)
Fuente del sistema de clasificación o colocación Clasificación decimal universal
Tipo de ítem Koha Libro impreso
Holdings
Estatus retirado Estado de pérdida Fuente del sistema de clasificación o colocación Estado de daño No para préstamo Colección Biblioteca de origen Biblioteca actual Ubicación en estantería Fecha de adquisición Fuente de adquisición Total de préstamos Signatura topográfica completa Código de barras Visto por última vez Precio de reemplazo Tipo de ítem Koha Nota pública
    Clasificación decimal universal     Libros con dedicatorias Biblioteca del Ateneo de Madrid Biblioteca del Ateneo de Madrid Depósito 1 27/06/2022 Donación   A-14961 1203011 23/02/2023 23/02/2023 Libro impreso Dedicatoria autógrafa del autor